Spot check: How to cope with household stains (Record no. 38435)
[ view plain ]
| 000 -LEADER | |
|---|---|
| fixed length control field | 00313nam a2200121Ia 4500 |
| 082 ## - DEWEY DECIMAL CLASSIFICATION NUMBER | |
| Classification number | 648.5 |
| Item number | GRU |
| 100 ## - MAIN ENTRY--AUTHOR NAME | |
| Personal name | Grunfeld, N |
| 245 #0 - TITLE STATEMENT | |
| Title | Spot check: How to cope with household stains |
| 260 ## - PUBLICATION, DISTRIBUTION, ETC. (IMPRINT) | |
| Place of publication | Delhi |
| Name of publisher | Pustak Mahal |
| Year of publication | 1983 |
| 700 ## - ADDED ENTRY--PERSONAL NAME | |
| Personal name | Thomas, M |
| 942 ## - ADDED ENTRY ELEMENTS (KOHA) | |
| Koha item type | Books |
| Withdrawn status | Lost status | Damaged status | Not for loan | Home library | Current library | Date acquired | Cost, normal purchase price | Full call number | Accession Number | Koha item type |
|---|---|---|---|---|---|---|---|---|---|---|
| RRII Library | RRII Library | 16/12/2021 | 10.00 | 648.5 GRU | 18792 | Books |